[Event "FBL W"]
[Site "?"]
[Date "2019.01.13"]
[Round "7.5"]
[White "Schlueter, Sabrina"]
[Black "Schlueter, Ulrike"]
[Result "1-0"]
[WhiteElo "1787"]
[BlackElo "1435"]
[PlyCount "103"]
[EventDate "2018.10.27"]
[EventType "team-tourn"]
[EventCountry "GER"]
[WhiteTeam "Kiel SK Doppelbauer"]
[BlackTeam "Delmenhorster SK"]
[WhiteTeamCountry "GER"]
[BlackTeamCountry "GER"]

1. c4 g6 2. Nc3 Bg7 3. g3 Nf6 4. Bg2 c6 5. d4 d5 6. cxd5 cxd5 7. Nf3 Nc6 8. O-O
O-O 9. Bf4 Qb6 10. Na4 Qa5 11. Rc1 Bd7 12. Rc5 Qd8 13. Ne5 e6 14. Nxc6 Bxc6 15.
Rc1 Qa5 16. Nc3 Rac8 17. Qd2 Nd7 18. Bh6 Nb6 19. b3 Bd7 20. Bxg7 Kxg7 21. h4 h5
22. Qb2 Rc7 23. Rc2 Qb4 24. e3 Rfc8 25. Rfc1 Qe7 26. a4 a5 27. Ne2 Rxc2 28.
Rxc2 Rc6 29. Nf4 Qb4 30. Nd3 Rxc2 31. Qxc2 Qd6 32. Qc3 Qa3 33. Qc2 Bc6 34. Ne5
Qd6 35. Bf1 Nd7 36. Nf3 e5 37. dxe5 Nxe5 38. Qc3 f6 39. Nxe5 fxe5 40. Qxa5 Qf6
41. Qd2 d4 42. Bg2 Bxg2 43. Kxg2 Qc6+ 44. Kf1 Qh1+ 45. Ke2 dxe3 46. Qxe3 Qd5
47. Qd3 Qe6 48. Qc4 Qe7 49. b4 Qd7 50. a5 Kf6 51. b5 Kf5 52. Qd3+ 1-0

[Event "FBL W"]
[Site "?"]
[Date "2019.01.13"]
[Round "7.6"]
[White "Koenig, Emmilie"]
[Black "Rommeck, Christiane"]
[Result "1/2-1/2"]
[WhiteElo "1495"]
[BlackElo "1613"]
[PlyCount "47"]
[EventDate "2018.10.27"]
[EventType "team-tourn"]
[EventCountry "GER"]
[WhiteTeam "Delmenhorster SK"]
[BlackTeam "Kiel SK Doppelbauer"]
[WhiteTeamCountry "GER"]
[BlackTeamCountry "GER"]

1. d4 Nf6 2. Nf3 e6 3. c3 c5 4. Bf4 Nc6 5. e3 d5 6. Nbd2 cxd4 7. exd4 Bd6 8.
Ne5 O-O 9. Bd3 Qc7 10. Ndf3 Ng4 11. h3 Ngxe5 12. Nxe5 Nxe5 13. dxe5 Be7 14. Qg4
g6 15. h4 h5 16. Qg3 Kh7 17. Bg5 b6 18. Bxe7 Qxe7 19. Qg5 Qc5 20. Qxh5+ Kg7 21.
Qf3 Qe7 22. h5 Rh8 23. g4 Bb7 24. Rg1 1/2-1/2

[Event "FBL W"]
[Site "?"]
[Date "2019.01.13"]
[Round "7.1"]
[White "Braeutigam, Irina"]
[Black "Scognamiglio, Stefanie"]
[Result "1/2-1/2"]
[WhiteElo "2018"]
[BlackElo "2082"]
[PlyCount "49"]
[EventDate "2018.10.27"]
[EventType "team-tourn"]
[EventCountry "GER"]
[WhiteTeam "Luebeck SV"]
[BlackTeam "Hamburger SK II"]
[WhiteTeamCountry "GER"]
[BlackTeamCountry "GER"]

1. d4 d5 2. Nf3 e6 3. e3 Nf6 4. Bd3 c5 5. b3 Nc6 6. a3 Bd6 7. Bb2 O-O 8. O-O
Re8 9. Ne5 cxd4 10. exd4 Qb6 11. Re1 h6 12. h3 Kf8 13. Nf3 Qc7 14. Nbd2 e5 15.
dxe5 Nxe5 16. Nxe5 Bxe5 17. Bxe5 Rxe5 18. Rxe5 Qxe5 19. Nf3 Qf4 20. Qd2 Qxd2
21. Nxd2 b6 22. Re1 Bb7 23. Nf3 Re8 24. Rxe8+ Nxe8 25. Kf1 1/2-1/2

[Event "FBL W"]
[Site "?"]
[Date "2019.01.13"]
[Round "7.2"]
[White "Rogozenco, Ileana"]
[Black "Glinzner, Alva"]
[Result "1-0"]
[WhiteElo "2042"]
[BlackElo "1874"]
[PlyCount "51"]
[EventDate "2018.10.27"]
[EventType "team-tourn"]
[EventCountry "GER"]
[WhiteTeam "Hamburger SK II"]
[BlackTeam "Luebeck SV"]
[WhiteTeamCountry "GER"]
[BlackTeamCountry "GER"]

1. e4 c6 2. d4 d5 3. Nc3 dxe4 4. Nxe4 Bf5 5. Ng3 Bg6 6. h4 h6 7. Nf3 Nd7 8. h5
Bh7 9. Bd3 Bxd3 10. Qxd3 Ngf6 11. Bd2 e6 12. O-O-O Bd6 13. c4 Qc7 14. Ne4 Nxe4
15. Qxe4 Nf6 16. Qe2 O-O-O 17. Kb1 c5 18. Bc3 cxd4 19. Nxd4 Bc5 20. Nb3 Bd6 21.
Ba5 b6 22. c5 bxa5 23. cxd6 Rxd6 24. Rc1 Rc6 25. Rxc6 Qxc6 26. Rc1 1-0

[Event "FBL W"]
[Site "?"]
[Date "2019.01.13"]
[Round "7.3"]
[White "Mundt, Alexandra"]
[Black "Zickelbein, Eva Maria"]
[Result "1-0"]
[WhiteElo "1704"]
[BlackElo "1956"]
[PlyCount "37"]
[EventDate "2018.10.27"]
[EventType "team-tourn"]
[EventCountry "GER"]
[WhiteTeam "Luebeck SV"]
[BlackTeam "Hamburger SK II"]
[WhiteTeamCountry "GER"]
[BlackTeamCountry "GER"]

1. e4 d6 2. f4 c5 3. Nf3 Nc6 4. d4 cxd4 5. Nxd4 Nf6 6. Nc3 e6 7. Be3 Be7 8. Be2
O-O 9. Qd2 a6 10. Bf3 d5 11. O-O-O dxe4 12. Nxc6 Qxd2+ 13. Bxd2 bxc6 14. Nxe4
Nd5 15. c4 Nb6 16. b3 Ba3+ 17. Kc2 Bb7 18. Ba5 Nc8 19. b4 1-0

[Event "FBL W"]
[Site "?"]
[Date "2019.01.13"]
[Round "7.4"]
[White "Einacker, Silke"]
[Black "Fett, Sabine"]
[Result "1-0"]
[WhiteElo "1982"]
[BlackElo "1716"]
[PlyCount "71"]
[EventDate "2018.10.27"]
[EventType "team-tourn"]
[EventCountry "GER"]
[WhiteTeam "Hamburger SK II"]
[BlackTeam "Luebeck SV"]
[WhiteTeamCountry "GER"]
[BlackTeamCountry "GER"]

1. e4 d6 2. d4 g6 3. Nc3 Bg7 4. f4 Nf6 5. Nf3 a6 6. h3 e6 7. Bd3 Nc6 8. O-O O-O
9. e5 dxe5 10. fxe5 Nd5 11. Nxd5 exd5 12. c3 h6 13. Be3 g5 14. Bc2 Ne7 15. g4
Ng6 16. Qd3 Qe7 17. Rf2 Bd7 18. b3 c5 19. dxc5 Bxe5 20. Nxe5 Qxe5 21. Bd4 Qe4
22. Qd2 Qe8 23. Re1 Qb8 24. Qd3 Bb5 25. c4 dxc4 26. bxc4 Bxc4 27. Qc3 Bd5 28.
Rf6 Re8 29. Bxg6 Rxe1+ 30. Qxe1 fxg6 31. Rxg6+ Kf8 32. Be5 Qa7 33. Bd6+ Kf7 34.
Rxh6 Kg7 35. Rh5 b6 36. Qe5+ 1-0

[Event "FBL W"]
[Site "?"]
[Date "2019.01.13"]
[Round "7.6"]
[White "Hoefner, Nina"]
[Black "Braeutigam, Katerina"]
[Result "0-1"]
[WhiteElo "1609"]
[BlackElo "1570"]
[PlyCount "118"]
[EventDate "2018.10.27"]
[EventType "team-tourn"]
[EventCountry "GER"]
[WhiteTeam "Hamburger SK II"]
[BlackTeam "Luebeck SV"]
[WhiteTeamCountry "GER"]
[BlackTeamCountry "GER"]

1. e4 c6 2. d4 d5 3. e5 Bf5 4. h4 h6 5. g4 Be4 6. f3 Bh7 7. Bd3 Bxd3 8. Qxd3 e6
9. f4 h5 10. f5 Ne7 11. fxe6 fxe6 12. Qf3 hxg4 13. Qxg4 Nf5 14. Qg6+ Kd7 15.
Bg5 Be7 16. Nf3 Nxh4 17. Bxh4 Bxh4+ 18. Nxh4 Rxh4 19. Qxg7+ Kc8 20. Rf1 Re4+
21. Kd1 Rxd4+ 22. Nd2 Nd7 23. c3 Rh4 24. Kc2 Qh8 25. Qe7 Qh7+ 26. Qxh7 Rxh7 27.
Rae1 Kc7 28. Nf3 Rf8 29. Ng5 Rh6 30. Rxf8 Nxf8 31. Rf1 Rh5 32. Nf7 Rf5 33. Rxf5
exf5 34. Nh6 f4 35. Ng4 Ng6 36. Kd2 Kd7 37. Kd3 c5 38. c4 Ke6 39. cxd5+ Kxd5
40. Nf6+ Kxe5 41. Ng4+ Kd5 42. Nf6+ Ke6 43. Ne4 Ne5+ 44. Ke2 b6 45. Nf2 Kf5 46.
b3 Ng4 47. Nh3 Nh2 48. Kf2 Ng4+ 49. Kf3 Ne5+ 50. Ke2 Kg4 51. Nf2+ Kg3 52. Ne4+
Kg2 53. Nf2 Nf3 54. Nd3 Nd4+ 55. Ke1 f3 56. Nf4+ Kg1 57. Nh3+ Kh2 58. Nf2 Kg2
59. Nd3 Ne2 0-1

[Event "FBL W"]
[Site "?"]
[Date "2019.01.13"]
[Round "7.1"]
[White "Vogel, Heike"]
[Black "Freitag, Julia"]
[Result "1/2-1/2"]
[WhiteElo "2144"]
[BlackElo "2119"]
[PlyCount "108"]
[EventDate "2018.10.27"]
[EventType "team-tourn"]
[EventCountry "GER"]
[WhiteTeam "Muelheim SV Nord"]
[BlackTeam "Steinfurt SC"]
[WhiteTeamCountry "GER"]
[BlackTeamCountry "GER"]

1. d4 d5 2. Nf3 e6 3. Bf4 Bd6 4. Bg3 f5 5. e3 Nf6 6. Nbd2 O-O 7. Bd3 Ne4 8. Bh4
Qe8 9. Ne5 Bxe5 10. dxe5 c5 11. g4 c4 12. Be2 Nc6 13. f4 b5 14. gxf5 exf5 15.
Nxe4 dxe4 16. Bh5 Qe6 17. Qe2 Nb4 18. Rd1 Nd5 19. Rg1 a5 20. Qd2 Bb7 21. Qg2
Qh6 22. Qe2 Kh8 23. Bg5 Qb6 24. Rg3 Ra7 25. Rd4 Ba8 26. Qd1 Rd7 27. Qd2 Rc8 28.
c3 b4 29. Kf2 bxc3 30. bxc3 a4 31. Rh3 a3 32. Kg3 Kg8 33. Be2 Qb2 34. e6 Rd6
35. e7 h6 36. Bh4 Qxd2 37. Rxd2 Re6 38. Rd4 g5 39. fxg5 hxg5 40. Bxg5 Rg6 41.
Rh5 Nxe7 42. Bxc4+ Kf8 43. Rh8+ Kg7 44. Rh5 f4+ 45. Kf2 fxe3+ 46. Ke1 Rc7 47.
Bb3 Bb7 48. Rd8 Ba6 49. Bxe3 Rg2 50. Rdh8 Re2+ 51. Kd1 Rxe3 52. R8h7+ Kg6 53.
R7h6+ Kg7 54. Rh7+ Kg6 1/2-1/2

[Event "FBL W"]
[Site "?"]
[Date "2019.01.13"]
[Round "7.2"]
[White "Engels, Natia"]
[Black "Limbourg, Marina"]
[Result "1/2-1/2"]
[WhiteElo "2154"]
[BlackElo "2010"]
[PlyCount "38"]
[EventDate "2018.10.27"]
[EventType "team-tourn"]
[EventCountry "GER"]
[WhiteTeam "Steinfurt SC"]
[BlackTeam "Muelheim SV Nord"]
[WhiteTeamCountry "GER"]
[BlackTeamCountry "GER"]

1. d4 Nf6 2. c4 g6 3. Nc3 d5 4. cxd5 Nxd5 5. e4 Nxc3 6. bxc3 Bg7 7. Bc4 c5 8.
Ne2 Nc6 9. Be3 cxd4 10. cxd4 b5 11. Bb3 O-O 12. O-O Bb7 13. d5 Na5 14. Bd4 Nxb3
15. Qxb3 Bxd4 16. Nxd4 e6 17. Qxb5 Rb8 18. Rad1 exd5 19. e5 Qe7 1/2-1/2

[Event "FBL W"]
[Site "?"]
[Date "2019.01.13"]
[Round "7.3"]
[White "Sokalskaja, Elena"]
[Black "Moeller, Hannah"]
[Result "0-1"]
[WhiteElo "2061"]
[BlackElo "1827"]
[PlyCount "72"]
[EventDate "2018.10.27"]
[EventType "team-tourn"]
[EventCountry "GER"]
[WhiteTeam "Muelheim SV Nord"]
[BlackTeam "Steinfurt SC"]
[WhiteTeamCountry "GER"]
[BlackTeamCountry "GER"]

1. d4 Nf6 2. Nf3 g6 3. g3 Bg7 4. Bg2 d6 5. c4 Nbd7 6. Nc3 O-O 7. O-O e5 8. Qc2
exd4 9. Nxd4 Nc5 10. Rd1 Re8 11. e4 Bd7 12. f3 Qc8 13. Be3 Bh3 14. Rac1 Bxg2
15. Kxg2 Nfd7 16. b4 Ne6 17. Nde2 Qd8 18. c5 Ne5 19. cxd6 Qf6 20. f4 Ng4 21.
Bg1 cxd6 22. h3 Nh6 23. Nd5 Qd8 24. Qd3 f5 25. exf5 Nxf5 26. Re1 Rc8 27. Bf2
Nc7 28. Bxa7 Nxd5 29. Qxd5+ Kh8 30. Rxc8 Qxc8 31. g4 Ne3+ 32. Bxe3 Rxe3 33. Qd2
Qc6+ 34. Kf2 Qf3+ 35. Kg1 Qxh3 36. Qxd6 Qxg4+ 0-1

[Event "FBL W"]
[Site "?"]
[Date "2019.01.13"]
[Round "7.4"]
[White "Veldhuis, Karina"]
[Black "Sokalska, Viktorija"]
[Result "1/2-1/2"]
[WhiteElo "1800"]
[BlackElo "1988"]
[PlyCount "78"]
[EventDate "2018.10.27"]
[EventType "team-tourn"]
[EventCountry "GER"]
[WhiteTeam "Steinfurt SC"]
[BlackTeam "Muelheim SV Nord"]
[WhiteTeamCountry "GER"]
[BlackTeamCountry "GER"]

1. d4 Nf6 2. Nf3 g6 3. e3 Bg7 4. Bd3 d5 5. Nbd2 O-O 6. O-O b6 7. Re1 Bb7 8. e4
e6 9. c3 c5 10. exd5 Nxd5 11. Nb3 cxd4 12. Nbxd4 Nd7 13. Bg5 N5f6 14. Bb5 a6
15. Bc6 Qc7 16. Bxb7 Qxb7 17. Qe2 Rac8 18. Rad1 h6 19. Bf4 Rfd8 20. Ne5 Nd5 21.
Qf3 Nxe5 22. Bxe5 Rd7 23. Bg3 Nf6 24. Qxb7 Rxb7 25. Nf3 Nd5 26. Ne5 b5 27. Rc1
h5 28. Nd3 Bf6 29. Be5 Bxe5 30. Nxe5 Rbc7 31. Re2 Kg7 32. Rd1 Rd8 33. Red2 Kf6
34. Nd3 a5 35. Nf4 Rcd7 36. b3 Nb6 37. Rxd7 Rxd7 38. Rxd7 Nxd7 39. Kf1 Ke5
1/2-1/2

[Event "FBL W"]
[Site "?"]
[Date "2019.01.13"]
[Round "7.6"]
[White "Raus, Christina"]
[Black "Frank, Carolin"]
[Result "0-1"]
[WhiteElo "1618"]
[BlackElo "1591"]
[PlyCount "56"]
[EventDate "2018.10.27"]
[EventType "team-tourn"]
[EventCountry "GER"]
[WhiteTeam "Steinfurt SC"]
[BlackTeam "Muelheim SV Nord"]
[WhiteTeamCountry "GER"]
[BlackTeamCountry "GER"]

1. d4 Nf6 2. c4 g6 3. Nc3 Bg7 4. Bf4 d6 5. Nf3 O-O 6. e3 c5 7. Be2 Nh5 8. Bg3
Nxg3 9. hxg3 Nc6 10. Qd2 cxd4 11. Nxd4 Nxd4 12. exd4 Be6 13. d5 Bd7 14. Rc1 Qb6
15. b3 a5 16. O-O a4 17. Rb1 axb3 18. axb3 Qb4 19. Ne4 Qxd2 20. Nxd2 Ra2 21.
Ne4 Rxe2 22. f3 Bf5 23. Rbe1 Rb2 24. g4 Bxe4 25. Rxe4 Bf6 26. f4 h6 27. Rf3 Ra8
28. Kh2 Raa2 0-1